Turistický penzión

Saved in:
Bibliographic Details
Main Author: Kovaľ, Peter (Author)
Other Authors: Gieciová, Mária (Thesis advisor)
Format: Manuscript Book
Language:Slovak
Published: 2015
Subjects:
Online Access:http://is.stuba.sk/zp/portal_zp.pl?podrobnosti=109707
https://opac.crzp.sk/?fn=detailBiblioForm&sid=A7BD2F096A49022F25CB9137FE46
Tags: Add Tag
No Tags, Be the first to tag this record!

MARC

LEADER 00000ntm a22000003a 4500
001 stuzp50468
003 SK-STU
005 20231023112103.1
007 ta
008 150427s2015----xo-----f-mn---000-0-slo-d
040 |a STU  |b slo 
041 0 |a slo 
100 1 |a Kovaľ, Peter  |u 010180  |4 aut  |U SvF Stavebná fakulta  |T SvF Katedra konštrukcií pozemných stavieb  |X 67296  |U V180  |Y 18  |7 A000067296 
242 0 1 |a Tourists apartment  |y eng 
245 1 0 |a Turistický penzión 
260 |c 2015 
650 4 |a penzión  |2 slo 
650 4 |a realizačný projekt  |2 slo 
650 4 |a drevo  |2 slo 
650 4 |a apartment  |2 eng 
650 4 |a wood  |2 eng 
650 4 |a realization project  |2 eng 
700 1 |a Gieciová, Mária  |4 ths  |X 528  |7 A000000528 
856 4 |u http://is.stuba.sk/zp/portal_zp.pl?podrobnosti=109707 
856 4 |u https://opac.crzp.sk/?fn=detailBiblioForm&sid=A7BD2F096A49022F25CB9137FE46 
SQL |a stuzp50468  |b DDP  |c SLO  |d Turistický penzión  |e 67296  |f Kovaľ, Peter  |g 010180  |h 528  |i Gieciová, Mária  |j 20150617  |k 8  |l 01  |m http://is.stuba.sk/zp/portal_zp.pl?podrobnosti=109707  |n I-AKP  |o 5.1.4. pozemné stavby